Szczegóły MARC21

Zwei Herren am Strand /

001 -Numer kontrolny rekordu [,]
    • @
    • pole kontrolne
    • xx005477550
003 -Nazwa instytucji [,]
    • @
    • pole kontrolne
    • NUKAT
005 -Data i czas ostatniej zmiany [,]
    • @
    • Data ostatniej zmiany
    • 20241231111325.0
007 -Forma fizyczna dokumentu dźwiękowego [,]
    • @
    • Forma fizyczna dokumentu dźwiękowego
    • sd csngnn|||ed
008 -Pole stałej długości [,]
    • @
    • pole
    • 221229s2014 gw nnnng f n ger c
020 -Międzynarodowy znormalizowany numer książki - ISBN [ , ]
    • a
    • Numer ISBN
    • 9783844516197 Find
035 -Inne numery kontrolne [ , ]
    • a
    • Numer kontrolny
    • (OCoLC)1369089839
040 -Instytucja sporządzająca opis [ , ]
    • c
    • Instytucja, która sporządziła rekord (NP)
    • SZCZ U/MCs
920 -ISBN [ , ]
    • a
    • ISBN
    • 978-3-8445-1619-7 Find
942 -Rodzaj dokumentu [ , ]
    • c
    • Rodzaj dokumentu
    • Dokument Dźwiękowy - płyta
100 -Hasło główne - nazwa osobowa [1, ]
    • a
    • Nazwa osobowa (NP)
    • Köhlmeier, Michael
    • d
    • Daty biograficzne (NP)
    • (1949- ).
    • e
    • RRodzaj współpracy
    • Autor
240 -Tytuł ujednolicony [1,0]
    • a
    • Tytuł ujednolicony (NP)
    • Zwei Herren am Strand
    • l
    • Język tekstu (NP)
    • (niem.)
245 -Strefa tytułu i oznaczenia odpowiedzialności [1,0]
    • a
    • Tytuł
    • Zwei Herren am Strand /
    • c
    • Pozostałe elementy strefy tytułu i oznaczenia odpowiedzialności (NP)
    • Michael Köhlmeier.
260 -Strefa adresu wydawniczego [ , ]
    • a
    • Miejsce wydania (P)
    • München :
    • b
    • Nazwa wydawcy (P)
    • Der Hörverlag,
    • c
    • Data wydania (P)
    • 2014.
300 -Strefa opisu fizycznego [ , ]
    • a
    • Określenie formy książki i/lub objętość (NP)
    • 7 płyt CD (8 h 46 min.) :
    • b
    • Inne szczegóły opisu fizycznego (NP)
    • digital, stereo ;
    • c
    • Format (NP)
    • 12 cm.
306 -Czas nagrania [ , ]
    • a
    • Czas nagrania
    • 048460
336 -Typ zawartości [ , ]
    • a
    • Termin określający typ nośnika
    • Słowo mówione
    • b
    • Kod określający zawartość
    • spw
    • 2
    • Źródło (termin i kod)
    • rdacontent
337 -Typ mediów [ , ]
    • a
    • Tryb odtwarzania
    • Audio
    • b
    • Kod typu nośnika
    • s
    • 2
    • Źródło (termin i kod)
    • rdamedia
338 -Typ/rodzaj nośnika [ , ]
    • a
    • Hasło opisujące typ nośnika
    • Płyta audio
    • b
    • Kod typu nośnika
    • sd
    • 2
    • Źródło (termin i kod)
    • rdacarrier
500 -Uwaga ogólna [ , ]
    • a
    • Uwaga ogólna (NP)
    • Płyty CD w składanym tekturowym opakowaniu.
508 -Uwaga dot. twórców i producentów [ , ]
    • a
    • Uwaga dot. twórców/producentów
    • Produktion: Der Hörverlag.
655 -Hasło przedmiotowe - forma [ ,7]
    • a
    • Określenie rzeczowe
    • Powieść niemiecka
    • y
    • Określnik chronologiczny
    • 1990-.
655 -Hasło przedmiotowe - forma [ ,7]
    • a
    • Określenie rzeczowe
    • Książki mówione
    • z
    • Określnik geograficzny
    • Niemcy
    • y
    • Określnik chronologiczny
    • 1990-.
710 -Hasło dodatkowe - nazwa ciała zbiorowego [2, ]
    • a
    • Nazwa ciała zbiorowego lub nazwa geograficzna jako pierwszy element (NP)
    • Hörverlag.
    • e
    • Rodzaj współpracy
    • Produkcja
    • e
    • Rodzaj współpracy
    • Wydawca
    • 9
    • KHW
    • 621844
Numer inwentarzowy Data inwentaryzacji Sposób nabycia Kierowanie Cena Status udostępniania Akcesja Kod kreskowy Data wprowadzenia opisu Sygnatura
Ad.30272023-02-14dBM10.00-322d099/1020050200302712022-02-03Germ. Audiobooki 90